00855nam a2200217Ia 4500001002200000003000900022008004100031040002300072041001300095100001900108240008600127245008600213250001100299260003000310300002600340490004700366501012400413520004600537700002900583700002500612232-MEI jo eb (16254)IT-MiSPE171229s9999||||xx |||||||||||||| ||und|| aIT-MiSPEcIT-MiSPE aITALIANO aJohn P. Meier  aA Marginal Jew: Rethinking the Historical Jesus: II. Mentor, Message and Miracles 0aUn ebreo marginale: Ripensare il Gesù storicobII. Mentore, messagio e miracoli a2a ed. aBresciabQuerinianac2003 a1338 p. [4 v.]c23 cm a Biblioteca di teologia contemporaneav120 aEdizioni San Paolo srl - Piazza Soncino, 5 - 20092 CINISELLO BALSAMO (MI) (non commercial uses only) ® Copyright 2018 aAltri autori: Antonio Nepi, Laura Ferrari aEnzo Gattig(traduzione) aFlavio Dalla Vecchia